Fit & well : (Record no. 10709)
[ view plain ]
| 000 -LEADER | |
|---|---|
| fixed length control field | 00895cam a2200265 a 4500 |
| 001 - CONTROL NUMBER | |
| control field | 16015417 |
| 005 - DATE AND TIME OF LATEST TRANSACTION | |
| control field | 20160218094103.0 |
| 008 - FIXED-LENGTH DATA ELEMENTS--GENERAL INFORMATION | |
| fixed length control field | 091210s2011 nyua b 001 0 eng |
| 010 ## - LIBRARY OF CONGRESS CONTROL NUMBER | |
| LC control number | 2009050026 |
| 020 ## - INTERNATIONAL STANDARD BOOK NUMBER | |
| International Standard Book Number | 9780077349684 |
| 020 ## - INTERNATIONAL STANDARD BOOK NUMBER | |
| International Standard Book Number | 0077349687 |
| 050 00 - LIBRARY OF CONGRESS CALL NUMBER | |
| Classification number | GV 481 .F26 2011 |
| 100 1# - MAIN ENTRY--PERSONAL NAME | |
| Personal name | Fahey, Thomas D. |
| Fuller form of name | (Thomas Davin), |
| Dates associated with a name | 1947- |
| 245 10 - TITLE STATEMENT | |
| Title | Fit & well : |
| Remainder of title | core concepts and labs in physical fitness and wellness / |
| Statement of responsibility, etc. | Thomas D. Fahey, Paul M. Insel, Walton T. Roth. |
| 246 3# - VARYING FORM OF TITLE | |
| Title proper/short title | Fit and well |
| 250 ## - EDITION STATEMENT | |
| Edition statement | 9th ed., alternate ed. |
| 260 ## - PUBLICATION, DISTRIBUTION, ETC. (IMPRINT) | |
| Place of publication, distribution, etc. | New York : |
| Name of publisher, distributor, etc. | McGraw-Hill, |
| Date of publication, distribution, etc. | c2011. |
| 300 ## - PHYSICAL DESCRIPTION | |
| Extent | xix, 342, [49] p. : |
| Other physical details | col. ill. ; |
| Dimensions | 28 cm. |
| 504 ## - BIBLIOGRAPHY, ETC. NOTE | |
| Bibliography, etc | Includes bibliographical references and index. |
| 650 #0 - SUBJECT ADDED ENTRY--TOPICAL TERM | |
| Topical term or geographic name as entry element | Physical fitness. |
| 650 #0 - SUBJECT ADDED ENTRY--TOPICAL TERM | |
| Topical term or geographic name as entry element | Health. |
| 700 1# - ADDED ENTRY--PERSONAL NAME | |
| Personal name | Insel, Paul M. |
| 700 1# - ADDED ENTRY--PERSONAL NAME | |
| Personal name | Roth, Walton T. |
| 942 ## - ADDED ENTRY ELEMENTS (KOHA) | |
| Source of classification or shelving scheme | |
| Koha item type | Hard Covered Materials |
| Classification part | GV 481 .F26 2011 |
| Withdrawn status | Lost status | Source of classification or shelving scheme | Damaged status | Not for loan | Home library | Current library | Date acquired | Source of acquisition | Total Checkouts | Full call number | Barcode | Date last seen | Price effective from | Koha item type |
|---|---|---|---|---|---|---|---|---|---|---|---|---|---|---|
| MACHAKOS UNIVERSITY LIBRARY | MACHAKOS UNIVERSITY LIBRARY | 09/12/2015 | Donation (BFA) | GV 481 .F26 2011 | 19206 | 09/12/2015 | 09/12/2015 | Hard Covered Materials |